Технология полуфабрикатов полимерных материалов

التفاصيل البيبلوغرافية
المؤلف الرئيسي: Мийченко И. П. Ирина Петровна
الملخص:Рассмотрены основные типы и классификации полуфабрикатов полимерных и композиционных материалов, их технологические свойства, физико-химические основы процессов смешения и совмещения (пропитки) при получении полуфабрикатов, основные методы реализации этих процессов, приведены примеры наиболее распространенных технологических схем получения отдельных типов полуфабрикатов.Книга предназначена для инженерно-технических работников предприятий различных отраслей промышленности, связанных с использованием полимерных и композиционных материалов, полезна также для студентов и аспирантов, специализирующихся в области полимерного материаловедения и технологий.
اللغة:الروسية
منشور في: Санкт-Петербург, Научные основы и технологии, 2012
الموضوعات:
التنسيق: MixedMaterials كتاب
KOHA link:https://koha.lib.tpu.ru/cgi-bin/koha/opac-detail.pl?biblionumber=232505

MARC

LEADER 00000nam0a2200000 4500
001 232505
005 20231101231157.0
010 |a 9785917030319 
035 |a (RuTPU)RU\TPU\book\253553 
090 |a 232505 
100 |a 20130214d2012 km y0rusy50 ca 
101 0 |a rus 
102 |a RU 
105 |a a z 001zy 
200 1 |a Технология полуфабрикатов полимерных материалов  |f И. П. Мийченко 
210 |a Санкт-Петербург  |c Научные основы и технологии  |d 2012 
215 |a 373 с.  |c ил. 
320 |a Библиография в конце разделов. 
330 |a Рассмотрены основные типы и классификации полуфабрикатов полимерных и композиционных материалов, их технологические свойства, физико-химические основы процессов смешения и совмещения (пропитки) при получении полуфабрикатов, основные методы реализации этих процессов, приведены примеры наиболее распространенных технологических схем получения отдельных типов полуфабрикатов.Книга предназначена для инженерно-технических работников предприятий различных отраслей промышленности, связанных с использованием полимерных и композиционных материалов, полезна также для студентов и аспирантов, специализирующихся в области полимерного материаловедения и технологий. 
606 1 |a Полимерные материалы  |2 stltpush  |3 (RuTPU)RU\TPU\subj\68289  |9 83717 
610 1 |a полуфабрикаты 
610 1 |a технологические свойства 
610 1 |a смешение 
610 1 |a пропитка 
610 1 |a волокнонаполненные термопласты 
610 1 |a гранулированные полуфабрикаты 
610 1 |a получение 
610 1 |a пресс-порошки 
610 1 |a вальцевание 
610 1 |a препреги 
610 1 |a электронно-ионная технология 
610 1 |a технологические схемы 
675 |a 678  |v 3 
700 1 |a Мийченко  |b И. П.  |g Ирина Петровна 
801 1 |a RU  |b 63413507  |c 20130214 
801 2 |a RU  |b 63413507  |c 20150710  |g RCR 
900 |a Химическая технология полимеров 
942 |c BK 
959 |a 36/20130214  |d 2  |e 1200,00  |f ЧЗТЛ:1  |f АНЛ:1